Actrices de A à Z - Statistiques

Statistiques générales
  • Ce quiz a été pris 734 fois
    254 depuis la dernière actualisation
  • Le résultat moyen est 13 sur 25
Statistiques - réponses
Lettre Indice Actrice % Correct
R Pretty Woman, Coup de foudre à Notting Hills Julia Roberts
87%
L Un gars, une fille, Tout le monde debout Alexandra Lamy
86%
C La Môme, Alliés Marion Cotillard
83%
J Mr. et Mrs. Smith, Une vie volée Angelina Jolie
81%
W Harry Potter, La Belle et la Bête Emma Watson
80%
P Léon, Black Swan Natalie Portman
78%
N Les Tuche, Tatie Danielle Isabelle Nanty
76%
Z Euphoria, Spider-Man Zendaya
71%
B Et Dieu ... créa la femme, Le Mépris Brigitte Bardot
70%
D Indochine, Les Demoiselles de Rochefort Catherine Deneuve
69%
O Mercredi, Beetlejuice Beetlejuice Jenna Ortega
59%
F Le Silence des agneaux, Taxi Driver Jodie Foster
58%
M Le Prince et la Danseuse, Les hommes préfèrent les blondes Marilyn Monroe
56%
H My Fair Lady, Diamants sur canapé Audrey Hepburn
48%
A Camille Claudel, L'Histoire d'Adèle H Isabelle Adjani
45%
V La Famille Bélier, Haut les Coeurs Karin Viard
39%
E Revoir Paris, Victoria Virginie Efira
38%
G Le Magicien d'Oz, Une étoile est née Judy Garland
36%
K Une Fille de la Province, Fenêtre sur cour Grace Kelly
32%
T Cléopatre, Qui a peur de Virginia Woolf ? Elizabeth Taylor
31%
S Les Chemins de la haute ville, La Nef des fous Simone Signoret
11%
Q Nikita, Divergente Maggie Q
10%
U Persona, Sonate d'Automne Liv Ullmann
6%
Y Blade Runner, Dune Sean Young
6%
I Jumanji : Bienvenue dans la jungle, Annabelle : La Maison du mal Madison Iseman
1%
Aucun quiz correspondant
Distribution des résultats
% des personnes avec chaque résultat
Percentile par nombre de réponses
Votre historique - résultats
Vous n’avez pas pris ce quiz depuis la dernière actualisation